Najdrozsi pilkarze - Statystyki

Ogólne statystyki
  • Ten quiz został rozwiązany 14 razy
  • Średni wynik to 83 z 302
Statystyki odpowiedzi
Hint Odpowiedź % Poprawnych
75 Kane
92%
180 Mbappe
92%
170 Vini
92%
180 Bellingham
83%
140 Wirtz
83%
200 Yamal
83%
80 Cubarsi
75%
180 Haaland
75%
100 Foden
67%
60 Gavi
67%
65 Kounde
67%
140 Musiala
67%
140 Pedri
67%
90 Rodrygo
67%
150 Saka
67%
50 Salah
67%
32 Sane
67%
45 Vlahovic
67%
70 Barcola
58%
60 Camavinga
58%
90 Dembele
58%
40 | 70 Diaz
58%
90 Doue
58%
60 Huijsen
58%
75 Leao
58%
40 | 95 Martinez
58%
70 Mendes
58%
100 Olise
58%
130 Valverde
58%
40 Watkins
58%
75 Arnold
50%
80 Barella
50%
50 Davies
50%
45 De jong
50%
35 Endrick
50%
50 Fernandes
50%
80 Hakimi
50%
35 Hojlund
50%
45 Kimmich
50%
90 Kvara
50%
30 Militao
50%
80 Neves
50%
120 Palmer
50%
90 Raphinha
50%
40 Raya
50%
110 Rodri
50%
80 Szoboszlai
50%
30 Tah
50%
75 Tchouameni
50%
32 | 35 Araujo
42%
40 Asencio
42%
60 Balde
42%
60 Cunha
42%
65 Dias
42%
40 Donnarumma
42%
50 Frimpong
42%
75 Gabriel
42%
75 Gravenberch
42%
75 Gvardiol
42%
75 Gyokeres
42%
65 Havertz
42%
40 Hernandez
42%
120 Isak
42%
32 Jesus
42%
40 Jota
42%
45 Kerkez
42%
30 Kolo muani
42%
50 Lopez
42%
55 Martinelli
42%
55 Mbeumo
42%
85 Odegaard
42%
60 Olmo
42%
50 Onana
42%
70 Osimhen
42%
65 Pacho
42%
50 Rashford
42%
120 Rice
42%
70 Sesko
42%
32 | 38 Silva
42%
40 | 75 Thuram
42%
80 Vitinha
42%
100 Alvarez
33%
35 Antony
33%
80 Bastoni
33%
35 Calafiori
33%
35 Calhanoglu
33%
45 Cherki
33%
30 Coman
33%
35 Cucurella
33%
60 Dimarco
33%
50 Doku
33%
60 Estevao
33%
75 Fernandez
33%
45 Garnacho
33%
30 Grimaldo
33%
45 Guirassy
33%
45 Guler
33%
40 Johnson
33%
40 Kim min jae
33%
40 Lewis
33%
50 Mainoo
33%
75 Marmoush
33%
35 Marquinhos
33%
40 Mctominay
33%
35 Merino
33%
40 Mitoma
33%
45 Nunez
33%
50 Openda
33%
40 Ramos
33%
40 Ruiz
33%
50 Savinho
33%
70 Simons
33%
32 | 40 Torres
33%
50 Upamecano
33%
32 Vicario
33%
45 Yildiz
33%
60 Zubimendi
33%
45 Adeyemi
25%
90 Caicedo
25%
40 Cambiaso
25%
35 Carreras
25%
36 Conceicao
25%
30 Dalot
25%
45 David
25%
38 De ligt
25%
45 Diallo
25%
50 Ederson
25%
75 Ekitike
25%
42 Elanga
25%
55 Eze
25%
70 Gakpo
25%
40 Gonzalez
25%
65 Gordon
25%
35 Hato
25%
40 Kean
25%
40 Kobel
25%
60 Konate
25%
50 Kulusevski
25%
40 Le normand
25%
45 Lewis skelly
25%
100 Mac alister
25%
30 Mamardashvili
25%
30 Mastantuono
25%
40 Mora
25%
50 Neto
25%
35 Nunes
25%
30 Palhinha
25%
30 Pavard
25%
55 Pavlovic
25%
50 Pedro
25%
38 Porro
25%
50 Pulisic
25%
50 Reijnders
25%
50 Samu
25%
40 Semenyo
25%
35 Tel
25%
45 Ugarte
25%
40 Vivian
25%
30 Zirkzee
25%
35 Ait nouri
17%
45 Akliouche
17%
32 Anderson
17%
35 Barnes
17%
55 Barrios
17%
38 Bergvall
17%
40 Boniface
17%
50 Bremer
17%
45 Buongiorno
17%
30 Casado
17%
35 Castro
17%
40 Costa
17%
40 Delap
17%
30 Dovbyk
17%
35 Duran
17%
30 Fofana
17%
32 Fratessi
17%
40 Gallagher
17%
40 Greenwood
17%
32 Guendouzi
17%
35 Gusto
17%
32 Hall
17%
50 Hincapie
17%
50 Hjulmand
17%
45 Inacio
17%
30 James
17%
35 Khusanov
17%
35 Kone
17%
40 Koopmeiners
17%
30 Kubo
17%
45 Kudus
17%
60 Lookman
17%
38 Luiz
17%
42 Maddison
17%
40 Madueke
17%
30 Mateta
17%
35 Milenkovic
17%
55 Nwaneri
17%
45 Retegui
17%
30 Rodriguez
17%
55 Rogers
17%
50 Romero
17%
60 Sancet
17%
35 Santos
17%
40 Schloterbeck
17%
40 Solanke
17%
32 Stanisic
17%
45 Stiller
17%
35 Tapsoba
17%
38 Tielemans
17%
30 | 55 Timber
17%
60 Tonali
17%
45 White
17%
55 Yoro
17%
42 Zabarnyi
17%
55 Zaire emery
17%
32 Amoura
8%
30 Bakayoko
8%
40 Baleba
8%
30 Bentancur
8%
30 Biereth
8%
30 Bischof
8%
30 Bisseck
8%
42 Botman
8%
40 Bowen
8%
50 Branthwaite
8%
55 Colwill
8%
30 Eliott
8%
30 Estupinan
8%
35 Evanilson
8%
50 Gibbs white
8%
37 Gimenez
8%
50 Gittens
8%
40 Gomes
8%
30 Goncalves
8%
30 Gouiri
8%
38 Gray
8%
45 Guehi
8%
80 Guimaraes
8%
50 Jackson
8%
30 Jauregizar
8%
35 Joelinton
8%
45 Jones
8%
35 Kluivert
8%
35 Konsa
8%
40 Larsson
8%
40 Livarmento
8%
30 Minteh
8%
30 Mosquera
8%
55 Murillo
8%
30 Neres
8%
40 Palacios
8%
35 Pavlidis
8%
35 Paz
8%
30 Pino
8%
45 Quenda
8%
32 Ramsey
8%
32 Sarr
8%
35 Scalvini
8%
35 Simeone
8%
32 Tillman
8%
35 Trincao
8%
40 Udogie
8%
50 Van de ven
8%
32 Van hecke
8%
32 Varela
8%
30 Verbruggen
8%
45 Wharton
8%
30 Woltemade
8%
55 Baena
0%
30 Bradley
0%
35 Burkatdt
0%
30 Chevalier
0%
30 Debast
0%
38 De ketelaere
0%
30 Diaby
0%
45 Dionande
0%
30 Hancko
0%
30 Hien
0%
40 Kamara
0%
30 Kokcu
0%
30 Larsen
0%
40 Lavia
0%
35 Millot
0%
35 Nkunku
0%
35 Paixao
0%
30 Reis
0%
30 Ricci
0%
35 Robinson
0%
32 Rutter
0%
30 Schade
0%
30 Smith rowe
0%
32 Sudakov
0%
32 Vissa
0%
30 Zakaria
0%
Nie znaleziono quizów pasujących do podanych kryteriów
Rozkład punktacji
Procent ludzi z każdym wynikiem
Percentyl według liczby udzielonych odpowiedzi
Twoja historia wyników
Nie rozwiązałeś tego quizu